Primera crónica general de España: que mandó componer Alfonso el sabio y se continuaba bajo Sancho IV en 1289

Gardado en:
Detalles Bibliográficos
Autor Principal: Alfonso X (Author)
Formato: Libro
Idioma:Lingua castelá
Publicado: Madrid, España Gredos 1955
Subjects:
Tags: Engadir etiqueta
Sen Etiquetas, Sexa o primeiro en etiquetar este rexistro!

MARC

LEADER 00000nam a2200000 a 4500
001 UCP8652
003 CL-VaPUC
005 20210728001813.0
008 000310e19550000SP |||||||||||||||||spa|d
999 |c 285543  |d 285541 
040 |c Pontificia Universidad Católica de Valparaíso 
082 0 4 |a 946 ALF 1955  |2 21 
100 0 |a Alfonso X  |e author  |9 438747 
245 1 0 |a Primera crónica general de España:  |b  que mandó componer Alfonso el sabio y se continuaba bajo Sancho IV en 1289 
260 |a Madrid, España  |b Gredos  |c 1955 
300 |a 2 volúmenes 
583 |a last modification  |c 20190726 10:17:47  |k Rodrigo Vera 
650 7 |a HISTORIA DE ESPAÑA  |2 CL-VaPUC  |9 438748  |y SIGLO 13 
650 0 |a Guerra  |z ESPAÑA  |9 255876 
852 |a BIBCUR 
942 |c BK  |2 ddc 
945 |d 20000310 00:00:00  |a lriquelm 
952 |0 0  |1 0  |2 ddc  |4 0  |6 946_000000000000000_ALF_1955  |7 0  |8 A  |9 330225  |a BIBHIS  |b BIBHIS  |d 2019-11-20  |h v.1  |i 138550K  |o 946 ALF 1955  |p 138550K  |r 2025-01-20  |t 1  |w 2019-11-20  |y BK  |k HIS 
952 |0 0  |1 0  |2 ddc  |4 0  |6 946_000000000000000_ALF_1955  |7 0  |8 A  |9 330226  |a BIBHIS  |b BIBHIS  |d 2019-11-20  |h v.2  |i 1385518  |o 946 ALF 1955  |p 1385518  |r 2025-01-20  |t 1  |w 2019-11-20  |y BK  |k HIS